Statistiques concernant Films se déroulant à Washington D.C. par images

Cliquez ici pour prendre le quiz!

Statistiques générales

  • Ce quiz a été pris 60 fois
  • Le résultat moyen est 8 sur 16

Statistiques - réponses

Réponse% Correct
Spider-Man: Homecoming
100%
Oppenheimer
84%
Captain America : Le Soldat de l'hiver
79%
La Nuit au musée 2
76%
Forrest Gump
69%
L'Exorciste
64%
Mars Attacks!
62%
Les Aventuriers de l'arche perdue
52%
Lincoln
43%
Independence Day
41%
Atlantide, l'empire perdu
36%
Argo
34%
Pentagon Papers
21%
Les Hommes du président
17%
La Guerre selon Charlie Wilson
3%
Danger immédiat
2%

Distribution des résultats

Percentile par nombre de réponses

% des personnes avec chaque résultat

Votre développement - résultats

Vous n’avez pas pris ce quiz